000
00403nam a2200145Ia 4500
008
151213s9999 xx 000 0 und d
100
_a
ফজলে
245
_a
ভাষা তত্ত্ব।
_c
ফজলে
260
_a
ঢাকা
_b
বাংলা একাডেমী।
_c
1970
300
_a
8730 p.
650
_a
Bangla
650
_a
ভাষা
700
_a
ফজলে
999
_c
4516
_d
4516